|
|
|
|
| LEADER |
00000cam a2200000 7i4500 |
| 001 |
0000011748 |
| 005 |
20160330.0 |
| 008 |
071119 |
| 020 |
|
|
|a 9971775158
|
| 090 |
0 |
0 |
|a SIT
|b MAL (8900)
|
| 100 |
0 |
|
|a Siti Hanifah Mustapha
|
| 245 |
1 |
0 |
|a Mama maafkan daku!
|c Siti Hanifah Mustapha
|
| 260 |
|
|
|a Singapura :
|b Pustaka Nasional Pte Ltd ,
|c 2004
|
| 500 |
|
|
|a Teenager ages 13-18 years old (blue)
|
| 650 |
|
0 |
|a Malay fiction
|
| 650 |
|
0 |
|a Novel
|
| 999 |
|
|
|a 0001002281
|b Book
|c Adult Collection
|e Perbadanan Perpustakaan Awam Johor
|
| 999 |
|
|
|a 0001002282
|b Book
|c Adult Collection
|e Perbadanan Perpustakaan Awam Johor
|
| 999 |
|
|
|a 0001002283
|b Book
|c Adult Collection
|e Perbadanan Perpustakaan Awam Johor
|